| 000 | 00889nam a2200253 a 4500 | ||
|---|---|---|---|
| 001 | 000006480 | ||
| 005 | 20200929153932.0 | ||
| 008 | 090831s1994 cr a 000 0 spa d | ||
| 020 | _a9977926182 | ||
| 040 |
_aDO-SdBNP _bspa _cBNPHU |
||
| 082 |
_a001.2 _bJ37p |
||
| 100 | 1 |
_aJara H., Oscar, _d1949- _917949 |
|
| 245 | 1 | 0 |
_aPara sistematizar experiencias / _cOscar Jara H. |
| 246 | 1 | 5 | _aPropuesta teórica y práctica |
| 260 |
_aSan José, Costa Rica : _bALFORJA, _c1994. |
||
| 300 |
_a243 P. : _bil. ; _c21 cm. |
||
| 504 | _aIncluye datos biográficos del autor en la contracubierta | ||
| 504 | _aIncluye referencias bibliográficas y notas al pie de las páginas | ||
| 504 | _aBibliografía: p. 237-243 | ||
| 590 | _aInventariado,2018 /DG | ||
| 650 | 4 |
_aAprendizaje experimental _917950 |
|
| 650 | 4 |
_aCategorizacion (psicología) _917951 |
|
| 910 | _aValidado. Control de calidad MFF | ||
| 999 |
_c6271 _d6271 |
||